Bush at war / (Record no. 884)

MARC details
000 -LEADER
fixed length control field 00969cam a2200301 a 4500
005 - DATE AND TIME OF LATEST TRANSACTION
control field 20260322212038.0
008 - FIXED-LENGTH DATA ELEMENTS--GENERAL INFORMATION
fixed length control field data
010 ## - LIBRARY OF CONGRESS CONTROL NUMBER
LC control number 2002042829
020 ## - INTERNATIONAL STANDARD BOOK NUMBER
International Standard Book Number 0743204735
020 ## - INTERNATIONAL STANDARD BOOK NUMBER
International Standard Book Number 9780743204736
040 ## - CATALOGING SOURCE
Original cataloging agency DLC
Transcribing agency DLC
043 ## - GEOGRAPHIC AREA CODE
Geographic area code n-us---
050 00 - LIBRARY OF CONGRESS CALL NUMBER
Classification number E903.3
Item number .W66 2002
092 ## - LOCALLY ASSIGNED DEWEY CALL NUMBER (OCLC)
Classification number 973.93 W66 2002
001 - CONTROL NUMBER
control field data
100 1# - MAIN ENTRY--PERSONAL NAME
Personal name Woodward, Bob.
245 10 - TITLE STATEMENT
Title Bush at war /
Statement of responsibility, etc. Bob Woodward.
260 ## - PUBLICATION, DISTRIBUTION, ETC.
Place of publication, distribution, etc. New York :
Name of publisher, distributor, etc. Simon & Schuster,
Date of publication, distribution, etc. 2002.
300 ## - PHYSICAL DESCRIPTION
Extent xix, 376 p. :
Other physical details ill., map
Dimensions 25 cm.
504 ## - BIBLIOGRAPHY, ETC. NOTE
Bibliography, etc. note Includes index.
600 10 - SUBJECT ADDED ENTRY--PERSONAL NAME
Personal name Bush, George W.
Fuller form of name (George Walker),
Dates associated with a name 1946-
General subdivision Military leadership.
600 10 - SUBJECT ADDED ENTRY--PERSONAL NAME
Personal name Bush, George W.
Fuller form of name (George Walker),
Dates associated with a name 1946-
Form subdivision Interviews.
650 #0 - SUBJECT ADDED ENTRY--TOPICAL TERM
Topical term or geographic name entry element War on Terrorism, 2001-
650 #0 - SUBJECT ADDED ENTRY--TOPICAL TERM
Topical term or geographic name entry element September 11 Terrorist Attacks, 2001.
650 #0 - SUBJECT ADDED ENTRY--TOPICAL TERM
Topical term or geographic name entry element National security
Geographic subdivision United States
General subdivision Decision making.
651 #0 - SUBJECT ADDED ENTRY--GEOGRAPHIC NAME
Geographic name United States
General subdivision Decision making.
-- Decision making.
651 #0 - SUBJECT ADDED ENTRY--GEOGRAPHIC NAME
Geographic name United States
General subdivision Officials and employees
Form subdivision Interviews.
Holdings
Withdrawn status Lost status Damaged status Not for loan Home library Current library Shelving location Date acquired Total checkouts Full call number Barcode Date last seen Price effective from Koha item type
        Centerville Centerville General stacks 22/03/2026   E903.3 .W66 2002 BC0010911 22/03/2026 22/03/2026 Books